Разд. II: Материалы в машиностроении; Т. II-2: Стали. Чугуны; Машиностроение

Détails bibliographiques
Parent link:Машиностроение: энциклопедия в 40 т./ гл. ред. К. В. Фролов. Разд. II: Материалы в машиностроении; Т. II-2: Стали. Чугуны.— , 1994-.— 5-217-01949-2
Autres auteurs: Банных О. А. (редактор составитель), Александров Н. Н. (редактор), Долбенко Е. Т.
Langue:russe
Publié: 2001
Sujets:
Format: Livre
KOHA link:https://koha.lib.tpu.ru/cgi-bin/koha/opac-detail.pl?biblionumber=52220

MARC

LEADER 00000nam2a2200000 4500
001 52220
005 20231031041311.0
010 |a 5217028165 
035 |a (RuTPU)RU\TPU\book\54697 
035 |a RU\TPU\book\27514 
090 |a 52220 
100 |a 20030526d2001 km y0rusy50 ca 
101 0 |a rus 
102 |a RU 
105 |a a f 001zy 
200 0 |a Разд. II: Материалы в машиностроении; Т. II-2: Стали. Чугуны  |f ред.-сост. О. А. Банных, Н. Н. Александров; отв. ред. Е. Т. Долбенко 
210 |d 2001 
215 |a 780 с.  |c ил. 
320 |a Библиогр.: с. 749-751 
320 |a Предм. указ.: с. 764-777 
461 1 |0 (RuTPU)RU\TPU\book\54318  |y 5-217-01949-2  |t Машиностроение  |o энциклопедия в 40 т.  |f гл. ред. К. В. Фролов  |v Разд. II: Материалы в машиностроении; Т. II-2: Стали. Чугуны  |d 1994- 
610 1 |a машиностроение 
610 1 |a материалы 
610 1 |a стали 
610 1 |a чугун 
610 1 |a конструкционные стали 
610 1 |a специальные стали 
610 1 |a инструментальные стали 
610 1 |a электротехнические стали 
610 1 |a термическая обработка 
610 1 |a отливки 
610 1 |a энциклопедии 
675 |a 621.002(031)  |v 3 
675 |a 621.002.3:669(031)  |v 3 
702 1 |a Банных  |b О. А.  |4 340  |4 220 
702 1 |a Александров  |b Н. Н.  |4 340  |4 220 
702 1 |a Долбенко  |b Е. Т.  |4 340 
801 2 |a RU  |b 63413507  |c 20200824  |g PSBO 
942 |c BK